Music Quiz

Random Music or Song Quiz

Justin bieber song snippets Quiz Stats

 Plays Quiz not verified by Sporcle

Support Sporcle.
Go Orange.
Score 0/15 Timer 06:00
0 Plays Today
snippet your answer % Correct
we could be starvingas long as you love me
96.3%
around the worldall around the world
85.2%
when you smileu smile
81.5%
imma be under themistletoe
74.1%
always be minebaby
68.5%
tell you a storyfall
66.7%
baby take a chanceboyfriend
64.8%
when i was littlebigger
63%
snippet your answer % Correct
cant sleep tonightpray
61.1%
my money is yourslove me
61.1%
she aint my girlmaria
55.6%
i never thoughtnever say never
53.7%
fooled by your smilethought of you
42.6%
to make my life completebeauty and a beat
40.7%
so many pretty facesone less lonley girl
20.4%

You're not logged in!

Compare scores with friends on all Sporcle quizzes.
OR
Log In

From the Vault

MLB: Relievers with Most K's Since 2000

by JeterFan2

It's time to make a call to the pen.
Remove Ads.
Support Sporcle.
Get the best of Sporcle when you Go Orange. This ad-free experience offers more features, more stats, and more fun while also helping to support Sporcle. Thank you for becoming a member.

Show Comments

Extras

Created Jan 14, 2013ReportNominate
Tags:Song Quiz, Bieber, justin, snippet

Top Quizzes Today


Score Distribution

Your Account Isn't Verified!

In order to create a playlist on Sporcle, you need to verify the email address you used during registration. Go to your Sporcle Settings to finish the process.

Report this User

Report this user for behavior that violates our Community Guidelines.

Details: